[Event "TCh-FRA Top 12 2019"]
[Site "Brest FRA"]
[Date "2019.05.24"]
[Round "7.4"]
[Board "5"]
[White "Lamard, Guillaume"]
[Black "Rodshtein, Maxim"]
[Result "1/2-1/2"]
[WhiteTitle "FM"]
[BlackTitle "GM"]
[WhiteElo "2405"]
[BlackElo "2699"]
[WhiteTeam "Cannes Echecs"]
[BlackTeam "Bischwiller"]
[WhiteFideId "600261"]
[BlackFideId "2806851"]
[EventDate "2019.05.18"]

1. e4 c5 2. Nf3 d6 3. Bb5+ Nd7 4. O-O a6 5. Bd3 Ngf6 6. Re1 e6 7. a4 Qc7 8. Na3
d5 9. exd5 Nxd5 10. Nc4 Be7 11. a5 O-O 12. Bf1 Rd8 13. g3 Nf8 14. Bg2 Bd7 15. d3
Be8 16. Qe2 Rab8 17. Ng5 h6 18. Ne4 Ng6 19. h4 Bf8 20. Nc3 Nge7 21. Nxd5 Nxd5
22. Bxd5 exd5 23. Bf4 Qc6 24. Bxb8 dxc4 25. Be5 cxd3 26. cxd3 Qb5 27. d4 Qxe2
28. Rxe2 Bb5 29. Rd2 Rd5 30. Rad1 Ba4 31. Rc1 Bc6 32. Rcd1 Ba4 33. Ra1 Bb3 34.
Ra3 c4 1/2-1/2

[Event "TCh-FRA Top 12 2019"]
[Site "Brest FRA"]
[Date "2019.05.24"]
[Round "7.4"]
[Board "6"]
[White "Maze, Sebastien"]
[Black "Giroyan, Gary"]
[Result "1-0"]
[WhiteTitle "GM"]
[BlackTitle "IM"]
[WhiteElo "2579"]
[BlackElo "2409"]
[WhiteTeam "Bischwiller"]
[BlackTeam "Cannes Echecs"]
[WhiteFideId "613762"]
[BlackFideId "680281"]
[EventDate "2019.05.18"]

1. Nf3 c5 2. c4 Nc6 3. d4 cxd4 4. Nxd4 e5 5. Nb5 d6 6. g3 Be6 7. N1a3 a6 8. Nc3
f5 9. Bg2 Nf6 10. O-O Be7 11. Nd5 O-O 12. Nb1 e4 13. Nbc3 b5 14. Bf4 b4 15. Na4
Ne5 16. Nxe7+ Qxe7 17. b3 Nfd7 18. Qd2 a5 19. Rad1 Ra6 20. f3 exf3 21. exf3 h6
22. Be3 Nf6 23. Rfe1 Qf7 24. Bd4 f4 25. Qxf4 g5 26. Qe3 Nfd7 27. Rf1 Qh5 28. f4
gxf4 29. gxf4 Bg4 30. Rde1 1-0

[Event "TCh-FRA Top 12 2019"]
[Site "Brest FRA"]
[Date "2019.05.24"]
[Round "7.4"]
[Board "7"]
[White "Ludwig, Remi"]
[Black "Le Roux, Jean-Pierre"]
[Result "0-1"]
[BlackTitle "GM"]
[WhiteElo "2312"]
[BlackElo "2539"]
[WhiteTeam "Cannes Echecs"]
[BlackTeam "Bischwiller"]
[WhiteFideId "653993"]
[BlackFideId "609404"]
[EventDate "2019.05.18"]

1. d4 g6 2. c4 Bg7 3. e4 e6 4. Nc3 Ne7 5. Nf3 d5 6. e5 h6 7. Be2 b6 8. O-O O-O
9. cxd5 exd5 10. b4 Be6 11. a4 c5 12. bxc5 bxc5 13. Ba3 Nd7 14. Bb5 cxd4 15.
Qxd4 Nf5 16. Qd3 Nxe5 17. Nxe5 Bxe5 18. Bxf8 Qxf8 19. Rac1 Qd6 20. Rfd1 Bxh2+
21. Kh1 Bf4 22. Rc2 Rd8 23. Ne2 Be5 24. Rc6 Qb4 25. f4 Bg7 26. Rc7 a6 27. Rb1
Qd6 28. Rc6 Qe7 29. Rxa6 Nd6 30. Rf1 Bf5 31. Qf3 Ne4 32. Rc1 Bg4 33. Rd1 Qc5 34.
Rc1 Qe7 35. Rf1 0-1

[Event "TCh-FRA Top 12 2019"]
[Site "Brest FRA"]
[Date "2019.05.24"]
[Round "7.5"]
[Board "2"]
[White "Smith, Axel"]
[Black "Movsesian, Sergei"]
[Result "1/2-1/2"]
[WhiteTitle "GM"]
[BlackTitle "GM"]
[WhiteElo "2481"]
[BlackElo "2645"]
[WhiteTeam "Mulhouse Philidor"]
[BlackTeam "Asnieres - Le Grand Echiquier"]
[WhiteFideId "1707930"]
[BlackFideId "310204"]
[EventDate "2019.05.18"]

1. Nf3 d5 2. d4 Nf6 3. c4 e6 4. Nc3 Bb4 5. Qb3 c5 6. dxc5 Na6 7. a3 Bxc3+ 8.
Qxc3 Nxc5 9. cxd5 Qxd5 10. Be3 Nce4 11. Qe5 Qxe5 12. Nxe5 Nd5 13. Bc1 Nc5 14. b4
Nb3 15. Rb1 Nxc1 16. Rxc1 Nb6 17. e4 f6 18. Nc4 Nxc4 19. Bxc4 Bd7 1/2-1/2

[Event "TCh-FRA Top 12 2019"]
[Site "Brest FRA"]
[Date "2019.05.24"]
[Round "7.5"]
[Board "4"]
[White "Sokolov, Andrei1"]
[Black "Gozzoli, Yannick"]
[Result "1/2-1/2"]
[WhiteTitle "GM"]
[BlackTitle "GM"]
[WhiteElo "2496"]
[BlackElo "2622"]
[WhiteTeam "Mulhouse Philidor"]
[BlackTeam "Asnieres - Le Grand Echiquier"]
[WhiteFideId "627089"]
[BlackFideId "616915"]
[EventDate "2019.05.18"]

1. e4 e5 2. Nf3 Nc6 3. Bb5 a6 4. Ba4 Nf6 5. O-O Be7 6. Re1 b5 7. Bb3 d6 8. c3
O-O 9. h3 Bb7 10. d4 Re8 11. Ng5 Rf8 12. Nf3 Re8 13. Ng5 Rf8 14. Nf3 Bc8 1/2-1/2

[Event "TCh-FRA Top 12 2019"]
[Site "Brest FRA"]
[Date "2019.05.24"]
[Round "7.5"]
[Board "6"]
[White "Riff, Jean-Noel"]
[Black "Degraeve, Jean-Marc"]
[Result "1/2-1/2"]
[WhiteTitle "GM"]
[BlackTitle "GM"]
[WhiteElo "2494"]
[BlackElo "2546"]
[WhiteTeam "Mulhouse Philidor"]
[BlackTeam "Asnieres - Le Grand Echiquier"]
[WhiteFideId "611190"]
[BlackFideId "600270"]
[EventDate "2019.05.18"]

1. e4 e5 2. Nf3 Nc6 3. Bb5 Bc5 4. O-O Nd4 5. Nxd4 Bxd4 6. c3 Bb6 7. d4 c6 8. Ba4
d6 9. dxe5 dxe5 10. Qxd8+ Bxd8 11. Be3 Nf6 12. f3 Bb6 13. Kf2 Ke7 14. Na3 Be6
15. Bb3 1/2-1/2

[Event "TCh-FRA Top 12 2019"]
[Site "Brest FRA"]
[Date "2019.05.24"]
[Round "7.5"]
[Board "7"]
[White "Moussard, Jules"]
[Black "Richard, Emma"]
[Result "1-0"]
[WhiteTitle "GM"]
[BlackTitle "WFM"]
[WhiteElo "2583"]
[BlackElo "2120"]
[WhiteTeam "Asnieres - Le Grand Echiquier"]
[BlackTeam "Mulhouse Philidor"]
[WhiteFideId "642908"]
[BlackFideId "657590"]
[EventDate "2019.05.18"]

1. Nf3 c5 2. b4 cxb4 3. a3 bxa3 4. e4 d5 5. exd5 Qxd5 6. Nxa3 Bg4 7. Nb5 Kd8 8.
Ra3 Nd7 9. c4 Qe4+ 10. Be2 Bxf3 11. Rxf3 Ngf6 12. O-O e6 13. d4 Qc6 14. Bf4 Qc8
15. Bc7+ Ke8 16. Bg3 Bb4 17. Rb3 Be7 18. Nc7+ Kf8 19. Nxa8 Qxa8 20. Bf3 Nb6 21.
Qa1 Qd8 22. Qxa7 1-0

[Event "TCh-FRA Top 12 2019"]
[Site "Brest FRA"]
[Date "2019.05.24"]
[Round "7.6"]
[Board "2"]
[White "Miezis, Normunds"]
[Black "Van Foreest, Jorden"]
[Result "1-0"]
[WhiteTitle "GM"]
[BlackTitle "GM"]
[WhiteElo "2456"]
[BlackElo "2601"]
[WhiteTeam "Gonfreville l'Orcher"]
[BlackTeam "Clichy-Echecs-92"]
[WhiteFideId "11600136"]
[BlackFideId "1039784"]
[EventDate "2019.05.18"]

1. c4 g6 2. Nc3 Bg7 3. g3 Nf6 4. Bg2 O-O 5. e4 c5 6. Nge2 d6 7. O-O Bg4 8. f3
Bd7 9. d3 a6 10. Be3 b5 11. Qd2 Nc6 12. h3 Rb8 13. b3 Ne8 14. Bh6 b4 15. Bxg7
Nxg7 16. Nd5 Ne6 17. f4 Ned4 18. Nxd4 Nxd4 19. f5 Bc6 20. Ne3 f6 21. h4 Rf7 22.
Ng4 Rg7 23. Nh6+ Kh8 24. g4 g5 25. hxg5 fxg5 26. f6 exf6 27. Qf2 Be8 28. Rae1
Rg6 29. Nf5 Nc6 30. d4 cxd4 31. Rd1 Qb6 32. Nxd4 Ne5 33. Nf5 Nxg4 34. Qxb6 Rxb6
35. Rxd6 Rxd6 36. Nxd6 Bd7 37. Bh3 h5 38. c5 Kg8 39. Bxg4 hxg4 40. Nf5 Kf7 41.
Rd1 Bxf5 42. exf5 Rh6 43. c6 Rh3 44. c7 1-0

[Event "TCh-FRA Top 12 2019"]
[Site "Brest FRA"]
[Date "2019.05.24"]
[Round "7.6"]
[Board "3"]
[White "Van Wely, Loek"]
[Black "Vallin, Guillaume"]
[Result "1-0"]
[WhiteTitle "GM"]
[BlackTitle "IM"]
[WhiteElo "2600"]
[BlackElo "2389"]
[WhiteTeam "Clichy-Echecs-92"]
[BlackTeam "Gonfreville l'Orcher"]
[WhiteFideId "1000268"]
[BlackFideId "614823"]
[EventDate "2019.05.18"]

1. d4 e6 2. c4 d5 3. Nf3 a6 4. cxd5 exd5 5. Nc3 c6 6. Bf4 Bd6 7. Bg3 Ne7 8. e3
Nf5 9. Qc2 Nxg3 10. hxg3 h6 11. O-O-O Be6 12. e4 Nd7 13. e5 Be7 14. Nh4 Nf8 15.
f4 Bg4 16. Be2 Bxe2 17. Nxe2 Ne6 18. Nf3 Qa5 19. Kb1 Nc7 20. g4 Qb4 21. Rc1 a5
22. g5 a4 23. a3 Qb6 24. Ka1 Ra5 25. f5 Rb5 26. Nc3 Ra5 27. f6 Bf8 28. g6 Qb3
29. Qf5 Ne6 30. fxg7 1-0

[Event "TCh-FRA Top 12 2019"]
[Site "Brest FRA"]
[Date "2019.05.24"]
[Round "7.6"]
[Board "4"]
[White "Payen, Arnaud"]
[Black "Hamdouchi, Hicham"]
[Result "1/2-1/2"]
[WhiteTitle "IM"]
[BlackTitle "GM"]
[WhiteElo "2358"]
[BlackElo "2584"]
[WhiteTeam "Gonfreville l'Orcher"]
[BlackTeam "Clichy-Echecs-92"]
[WhiteFideId "600814"]
[BlackFideId "9000011"]
[EventDate "2019.05.18"]

1. d4 Nf6 2. c4 g6 3. g3 Bg7 4. Bg2 O-O 5. Nf3 d6 6. O-O Nbd7 7. Nc3 e5 8. e4 a6
9. Re1 Rb8 10. h3 exd4 11. Nxd4 Re8 12. Rb1 h6 13. Be3 Nc5 14. Qc2 Bd7 15. b4
Ne6 16. Nxe6 1/2-1/2

[Event "TCh-FRA Top 12 2019"]
[Site "Brest FRA"]
[Date "2019.05.24"]
[Round "7.6"]
[Board "5"]
[White "Tregubov, Pavel V."]
[Black "Lefebvre, Herve"]
[Result "1-0"]
[WhiteTitle "GM"]
[BlackTitle "FM"]
[WhiteElo "2586"]
[BlackElo "2291"]
[WhiteTeam "Clichy-Echecs-92"]
[BlackTeam "Gonfreville l'Orcher"]
[WhiteFideId "4115341"]
[BlackFideId "607363"]
[EventDate "2019.05.18"]

1. c4 e5 2. g3 Nf6 3. Bg2 d5 4. cxd5 Nxd5 5. Nc3 Nb6 6. Nf3 Nc6 7. O-O Be7 8. b3
O-O 9. Bb2 Re8 10. Rc1 Bf8 11. d3 Nd4 12. e3 Nxf3+ 13. Qxf3 a5 14. d4 exd4 15.
Nb5 c6 16. Nxd4 a4 17. Nf5 Qg5 18. e4 Bxf5 19. Qxf5 Qd2 20. Rb1 a3 21. Rfd1
Qxd1+ 22. Rxd1 axb2 23. a4 Red8 24. Rb1 Ba3 25. Bf1 g6 26. Qe5 Nd7 27. Qc3 Nf8
28. Bc4 Ne6 29. Bxe6 fxe6 30. b4 Rxa4 31. Qb3 Raa8 32. Qxe6+ Kh8 33. Kg2 Rd2 34.
Qb3 Rd7 35. e5 Rd4 36. e6 Rxb4 37. Qf3 Rb5 38. Qf6+ Kg8 39. Qf7+ Kh8 40. e7 Bxe7
41. Qxe7 Kg8 42. h4 Ra1 43. Rxb2 Rxb2 44. Qe8+ Kg7 45. Qe5+ Kg8 46. Qxb2 1-0

[Event "TCh-FRA Top 12 2019"]
[Site "Brest FRA"]
[Date "2019.05.24"]
[Round "7.6"]
[Board "6"]
[White "Charmeteau, Sven"]
[Black "Guichard, Pauline"]
[Result "1-0"]
[WhiteTitle "FM"]
[BlackTitle "WGM"]
[WhiteElo "2292"]
[BlackElo "2430"]
[WhiteTeam "Gonfreville l'Orcher"]
[BlackTeam "Clichy-Echecs-92"]
[WhiteFideId "638285"]
[BlackFideId "639370"]
[EventDate "2019.05.18"]

1. e4 e5 2. Nf3 Nc6 3. d4 exd4 4. Nxd4 g6 5. Nc3 Bg7 6. Be3 Nf6 7. Nxc6 bxc6 8.
e5 Ng8 9. Qe2 Qe7 10. f4 f6 11. Bc5 Qe6 12. Qe4 fxe5 13. Bc4 Nf6 14. Bxe6 Nxe4
15. Nxe4 dxe6 16. fxe5 Bxe5 17. O-O-O Rb8 18. b3 a5 19. Rhf1 a4 20. Ng5 axb3 21.
cxb3 Rb5 22. b4 Bd6 23. Nf7 O-O 24. Nxd6 Rxf1 25. Nxc8 Rxd1+ 26. Kxd1 Rb8 27.
Ne7+ Kf7 28. a4 Ke8 29. Nxc6 Ra8 30. a5 Kd7 31. b5 Re8 32. Ke2 g5 33. a6 Kc8 34.
Bd4 Rf8 35. Be5 h5 36. Na5 Kd7 37. Nc4 Rg8 38. a7 1-0

[Event "TCh-FRA Top 12 2019"]
[Site "Brest FRA"]
[Date "2019.05.24"]
[Round "7.6"]
[Board "7"]
[White "Relange, Eloi"]
[Black "Jeanne, Mickael"]
[Result "1-0"]
[WhiteTitle "GM"]
[WhiteElo "2456"]
[BlackElo "2150"]
[WhiteTeam "Clichy-Echecs-92"]
[BlackTeam "Gonfreville l'Orcher"]
[WhiteFideId "600822"]
[BlackFideId "637963"]
[EventDate "2019.05.18"]

1. c4 e5 2. g3 Nf6 3. Bg2 d5 4. cxd5 Nxd5 5. Nc3 Nb6 6. Nf3 Nc6 7. O-O Be7 8. a3
O-O 9. b4 Be6 10. d3 f6 11. Bb2 a5 12. b5 Nd4 13. Nxd4 exd4 14. Ne4 a4 15. Rc1
Bd5 16. Qc2 f5 17. Nd2 Bxg2 18. Kxg2 Ra5 19. Qxc7 Rxb5 20. Bxd4 Qxd4 21. Qxe7
Qd5+ 22. Nf3 Rf7 23. Qe8+ Rf8 24. Qe3 Qd6 25. Rb1 Rb3 26. Rxb3 axb3 27. Rb1 f4
28. Qd4 Qe6 29. Qe5 Qf7 30. Qxf4 Qd5 31. Qe4 1-0

[Event "TCh-FRA Top 12 2019"]
[Site "Brest FRA"]
[Date "2019.05.24"]
[Round "7.6"]
[Board "8"]
[White "Fruteau, Sabine"]
[Black "Mouhamad, Joachin"]
[Result "0-1"]
[WhiteTitle "WFM"]
[BlackTitle "FM"]
[WhiteElo "2015"]
[BlackElo "2332"]
[WhiteTeam "Gonfreville l'Orcher"]
[BlackTeam "Clichy-Echecs-92"]
[WhiteFideId "601942"]
[BlackFideId "656410"]
[EventDate "2019.05.18"]

1. e4 c5 2. Nf3 e6 3. d4 cxd4 4. Nxd4 Nc6 5. Nc3 d6 6. Nb3 a6 7. a4 Nf6 8. Bd3
Be7 9. O-O O-O 10. Bg5 b6 11. f4 Bb7 12. Qe1 Nd7 13. Bxe7 Qxe7 14. Rd1 Rac8 15.
Ne2 Rfd8 16. c3 Na5 17. Nd2 g6 18. b4 Nc6 19. Qf2 a5 20. Rb1 axb4 21. cxb4 d5
22. exd5 Nxb4 23. Bb5 Nxd5 24. Nc4 Nc5 25. Ne5 Ne4 26. Qd4 Ndc3 27. Qxb6 Nxb1
28. Rxb1 Qb4 29. Rf1 Qc5+ 30. Qxc5 Rxc5 31. Nf3 Nd2 32. Nxd2 Rxd2 33. Rb1 Be4
34. Rb3 Rxb5 0-1

[Event "TCh-FRA Top 12 2019"]
[Site "Brest FRA"]
[Date "2019.05.25"]
[Round "8.2"]
[Board "7"]
[White "Vaugeois, Cyrille"]
[Black "Loiseau, Quentin"]
[Result "0-1"]
[BlackTitle "IM"]
[WhiteElo "2146"]
[BlackElo "2471"]
[WhiteTeam "Gonfreville l'Orcher"]
[BlackTeam "Grasse Echecs"]
[WhiteFideId "607355"]
[BlackFideId "665274"]
[EventDate "2019.05.18"]

1. e4 c5 2. Nf3 Nc6 3. Bb5 g6 4. Bxc6 dxc6 5. d3 Bg7 6. O-O Nf6 7. Nc3 Nd7 8.
Be3 e5 9. Nd2 Qe7 10. a4 b6 11. Nc4 Ba6 12. Qe2 Nf8 13. Na2 Ne6 14. c3 O-O 15.
Rab1 f5 16. f3 f4 17. Bf2 g5 18. b4 Rad8 19. b5 cxb5 20. axb5 Bc8 21. Rfd1 h5
22. Nc1 g4 23. Qa2 Kh8 24. Kf1 Ng5 25. Bh4 gxf3 26. gxf3 Bh3+ 27. Ke2 Bf6 28.
Bxg5 Bxg5 29. Nb3 Rg8 30. Rg1 Bf6 31. Qa1 Bg2 32. Rbd1 Qd7 33. d4 Qxb5 34. Nd2
cxd4 35. cxd4 Rxd4 36. Kf2 Bh4+ 0-1

[Event "TCh-FRA Top 12 2019"]
[Site "Brest FRA"]
[Date "2019.05.25"]
[Round "8.4"]
[Board "2"]
[White "Van Wely, Loek"]
[Black "Bacrot, Etienne"]
[Result "1/2-1/2"]
[WhiteTitle "GM"]
[BlackTitle "GM"]
[WhiteElo "2600"]
[BlackElo "2678"]
[WhiteTeam "Clichy-Echecs-92"]
[BlackTeam "Bischwiller"]
[WhiteFideId "1000268"]
[BlackFideId "605506"]
[EventDate "2019.05.18"]

1. Nf3 d5 2. g3 Nf6 3. Bg2 e6 4. O-O Be7 5. c4 O-O 6. b3 d4 7. e3 c5 8. exd4
cxd4 9. d3 Nc6 10. Re1 Nd7 11. Na3 e5 12. Nc2 a5 13. a3 Rb8 14. b4 axb4 15. axb4
b5 16. c5 Bb7 17. Bd2 h6 18. h4 Re8 19. Na3 Ba8 20. Qb3 Bf8 21. Re2 g6 22. Rae1
Bg7 23. Nc2 Re7 24. Bc1 Kh7 25. h5 g5 26. Ncxd4 Nxd4 27. Nxd4 Bxg2 28. Kxg2 Nxc5
29. bxc5 Qxd4 30. Rc2 Rd7 31. c6 Qxd3 32. Qxd3+ Rxd3 33. Bd2 Rc8 34. Rb1 Rd5 35.
g4 e4 36. Be3 Bf8 37. Ra1 Rd6 38. Ra6 b4 39. Rb6 b3 40. Rc4 b2 41. Rxb2 Rdxc6 1/2-1/2

[Event "TCh-FRA Top 12 2019"]
[Site "Brest FRA"]
[Date "2019.05.25"]
[Round "8.4"]
[Board "3"]
[White "Ragger, Markus"]
[Black "Van Foreest, Jorden"]
[Result "1/2-1/2"]
[WhiteTitle "GM"]
[BlackTitle "GM"]
[WhiteElo "2682"]
[BlackElo "2601"]
[WhiteTeam "Bischwiller"]
[BlackTeam "Clichy-Echecs-92"]
[WhiteFideId "1610856"]
[BlackFideId "1039784"]
[EventDate "2019.05.18"]

1. e4 e5 2. Nf3 Nc6 3. Bc4 Bc5 4. c3 Nf6 5. d3 d6 6. O-O a5 7. Re1 O-O 8. Bg5 h6
9. Bh4 g5 10. Bg3 Nh7 11. d4 Bb6 12. dxe5 h5 13. h4 Bg4 14. hxg5 Nxg5 15. exd6
h4 16. Bh2 Qf6 17. Nbd2 Qg7 18. Kf1 h3 19. gxh3 Nxh3 20. Bg3 Qh6 21. Ke2 Bxf2
22. Bxf2 Nf4+ 23. Ke3 Nh3+ 24. Ke2 Nf4+ 25. Ke3 Nh3+ 1/2-1/2

[Event "TCh-FRA Top 12 2019"]
[Site "Brest FRA"]
[Date "2019.05.25"]
[Round "8.4"]
[Board "4"]
[White "Delorme, Axel"]
[Black "Fressinet, Laurent"]
[Result "1/2-1/2"]
[WhiteTitle "GM"]
[BlackTitle "GM"]
[WhiteElo "2489"]
[BlackElo "2640"]
[WhiteTeam "Clichy-Echecs-92"]
[BlackTeam "Bischwiller"]
[WhiteFideId "632023"]
[BlackFideId "608742"]
[EventDate "2019.05.18"]

1. e4 c5 2. Nf3 d6 3. Bb5+ Nd7 4. c3 Nf6 5. Qe2 a6 6. Ba4 b5 7. Bc2 Bb7 8. d4 g6
9. e5 Bxf3 10. gxf3 dxe5 11. dxe5 Nh5 12. e6 fxe6 13. Qxe6 Bg7 14. a4 Rb8 15.
axb5 Rb6 16. Qa2 axb5 17. Be3 e6 18. Qa8 Rb8 19. Qc6 O-O 20. Nd2 Rb6 21. Qe4
Nhf6 22. Qh4 Rd6 23. Ke2 Rd5 24. Ne4 Rh5 25. Qg3 Nd5 26. Qd6 Qe8 27. Ra6 Ne5 28.
Qxe6+ Qxe6 29. Rxe6 Nxe3 30. fxe3 Nxf3 31. Rc6 c4 32. Rc5 Rxc5 33. Nxc5 Ne5 34.
Be4 Rc8 35. Bd5+ Kh8 36. Ne6 Nd3 37. b3 Bxc3 38. bxc4 Nb4 39. Rf1 bxc4 40. Bxc4
Be5 41. h3 Bd6 1/2-1/2

[Event "TCh-FRA Top 12 2019"]
[Site "Brest FRA"]
[Date "2019.05.25"]
[Round "8.4"]
[Board "5"]
[White "Naiditsch, Arkadij"]
[Black "Tregubov, Pavel V."]
[Result "1/2-1/2"]
[WhiteTitle "GM"]
[BlackTitle "GM"]
[WhiteElo "2682"]
[BlackElo "2586"]
[WhiteTeam "Bischwiller"]
[BlackTeam "Clichy-Echecs-92"]
[WhiteFideId "4650891"]
[BlackFideId "4115341"]
[EventDate "2019.05.18"]

1. d4 d5 2. Nf3 Nf6 3. c4 c6 4. Nbd2 Bf5 5. Nh4 Be4 6. Qb3 Nbd7 7. f3 Bg6 8.
cxd5 cxd5 9. e3 Rb8 10. Nxg6 hxg6 11. f4 e6 12. Nf3 Ne4 13. Bd3 Qa5+ 14. Ke2 Be7
15. Bd2 Nxd2 16. Nxd2 g5 17. fxg5 Bxg5 18. Nf3 Be7 19. Bb5 f6 20. Rac1 a6 21.
Bd3 O-O 22. g4 Nb6 23. Qc2 Rfc8 24. Qb1 Na4 25. Nh4 Qb4 26. Bh7+ Kf8 27. Ng6+
Ke8 28. Bg8 Rc6 29. Nf4 Qxb2+ 30. Qxb2 Nxb2 31. h4 Kd7 32. Rxc6 bxc6 33. Bxe6+
Kd6 34. Bf5 Nc4 35. Nd3 Rb5 36. a4 Rb3 37. h5 Bf8 38. Kf2 Kc7 39. Nf4 Rb2+ 40.
Kf3 Nd2+ 41. Kg3 Bd6 42. h6 gxh6 43. Rxh6 Nf1+ 44. Kf3 Nd2+ 45. Kg3 Nc4 46. Kf3
Nd2+ 1/2-1/2

[Event "TCh-FRA Top 12 2019"]
[Site "Brest FRA"]
[Date "2019.05.25"]
[Round "8.5"]
[Board "1"]
[White "Eljanov, Pavel"]
[Black "Harikrishna, Pentala"]
[Result "0-1"]
[WhiteTitle "GM"]
[BlackTitle "GM"]
[WhiteElo "2661"]
[BlackElo "2730"]
[WhiteTeam "Nice Alekhine"]
[BlackTeam "Asnieres - Le Grand Echiquier"]
[WhiteFideId "14102951"]
[BlackFideId "5007003"]
[EventDate "2019.05.18"]

1. d4 d5 2. c4 e6 3. Nf3 Nf6 4. g3 Be7 5. Bg2 O-O 6. Nc3 dxc4 7. Ne5 c5 8. dxc5
Qxd1+ 9. Nxd1 Bxc5 10. Nc3 Nc6 11. Nxc4 e5 12. O-O Be6 13. Bxc6 Bxc4 14. Bxb7
Rab8 15. Bg2 Bd4 16. Re1 Rfd8 17. Na4 Rb4 18. e3 Rxa4 19. exd4 exd4 20. a3 Rb8
21. Re7 h6 22. Rc7 Be2 23. Rb7 Rxb7 24. Bxb7 Rc4 25. Ba6 Rc2 26. Bxe2 Rxe2 27.
Kf1 Rc2 28. Bf4 Ng4 29. h3 Nxf2 30. Rc1 Rxb2 31. Rc8+ Kh7 32. Rc7 f6 33. h4 a5
34. Rd7 Ng4 35. h5 Ra2 36. Bd6 Ne3+ 37. Kg1 d3 0-1

[Event "TCh-FRA Top 12 2019"]
[Site "Brest FRA"]
[Date "2019.05.25"]
[Round "8.5"]
[Board "3"]
[White "Bauer, Christian"]
[Black "Oparin, Grigoriy"]
[Result "1/2-1/2"]
[WhiteTitle "GM"]
[BlackTitle "GM"]
[WhiteElo "2643"]
[BlackElo "2624"]
[WhiteTeam "Nice Alekhine"]
[BlackTeam "Asnieres - Le Grand Echiquier"]
[WhiteFideId "603767"]
[BlackFideId "24125890"]
[EventDate "2019.05.18"]

1. e4 e5 2. Nf3 Nc6 3. Bb5 a6 4. Ba4 Nf6 5. O-O Be7 6. d3 d6 7. c3 O-O 8. Re1
Re8 9. h3 b5 10. Bb3 Na5 11. Bc2 c5 12. Nbd2 Nc6 13. Nf1 h6 14. Ng3 Be6 15. Bd2
Bf8 16. a4 Qd7 17. Qe2 b4 18. a5 b3 19. Bd1 c4 20. dxc4 Qc7 21. Bxb3 Reb8 22.
Bc2 Rxb2 23. Bc1 Rb7 24. c5 dxc5 25. Nh4 g6 26. Qf3 Bg7 27. Bxh6 Bxh6 28. Qxf6
Qd8 29. Qxd8+ Rxd8 30. Nf3 Rb2 31. Bd1 c4 32. Re2 Rb5 33. Ba4 Rxa5 34. Rea2 Nb8
35. Bc2 Rxa2 36. Rxa2 f6 37. h4 Kf7 38. Ra5 Rd6 39. h5 gxh5 40. Nf5 Bxf5 41.
exf5 Ke7 42. Kf1 Nd7 43. Ra4 Rc6 44. Be4 Rb6 45. Rxc4 Kd6 46. Ne1 Nc5 47. Nd3
Nxe4 48. Rxe4 Bd2 49. c4 Rb1+ 50. Ke2 Bb4 51. f4 Bc3 52. fxe5+ Bxe5 53. Nxe5
fxe5 54. Rh4 Rb2+ 55. Kf3 Rb3+ 56. Ke4 Rc3 57. Rxh5 Rxc4+ 58. Ke3 Rg4 1/2-1/2

[Event "TCh-FRA Top 12 2019"]
[Site "Brest FRA"]
[Date "2019.05.26"]
[Round "9.2"]
[Board "1"]
[White "Amin, Bassem"]
[Black "Donchenko, Alexander"]
[Result "1/2-1/2"]
[WhiteTitle "GM"]
[BlackTitle "GM"]
[WhiteElo "2704"]
[BlackElo "2595"]
[WhiteTeam "Clichy-Echecs-92"]
[BlackTeam "Vandoeuvre-Echecs"]
[WhiteFideId "10601457"]
[BlackFideId "24603295"]
[EventDate "2019.05.18"]

1. Nf3 c5 2. e4 d6 3. Bb5+ Nd7 4. c3 Nf6 5. Bd3 a6 6. Bc2 b5 7. d4 Bb7 8. Nbd2
e5 9. O-O Be7 10. d5 O-O 11. Re1 g6 12. Nf1 Nh5 13. g4 Ng7 14. Ng3 Nf6 15. h3 h5
16. Nh2 h4 17. Nh1 Nh7 18. f4 exf4 19. Bxf4 Bg5 20. Qd2 Qf6 21. Rf1 Rae8 22.
Rad1 Bxf4 23. Rxf4 Qe7 24. Nf2 Bc8 25. Rf1 Ng5 26. Nf3 Nh7 27. Nh2 Ng5 28. Nf3
Nh7 29. Ne1 Ng5 30. Ng2 Qd8 31. Kh2 Re5 32. Nxh4 Nxh3 33. Nxh3 Qxh4 34. Qf2 Qe7
35. Qg3 Nh5 36. gxh5 Rxh5 37. Rf5 Rh6 38. R1f3 Kg7 39. Kg2 f6 40. Nf2 Bxf5 41.
exf5 Qe1 42. Re3 Qd2 43. Re7+ Rf7 44. Rxf7+ Kxf7 45. fxg6+ Kg7 46. Be4 Rh5 47.
Qxd6 f5 48. Bf3 Rg5+ 49. Kf1 Qe3 50. Qd7+ Kxg6 51. Qe6+ Qxe6 52. dxe6 Kf6 53.
Nd3 f4 54. Nxf4 Rf5 55. Nh5+ Ke7 56. Kf2 Rf8 57. Ke3 Kxe6 58. b4 cxb4 59. Nf4+
Kd6 60. cxb4 Rc8 61. Bd1 Rc4 62. Nd3 Kc7 63. Bb3 Rh4 64. Nf4 Kb7 65. Ke4 a5 66.
bxa5 Ka6 67. Ke5 Kxa5 68. Nd5 Rh1 69. Ke6 Rc1 70. Kd6 Rc8 71. Ne7 Rc1 72. Nc6+
Kb6 73. Nb4 Rc8 74. Be6 Rc1 75. Bf7 Ka5 76. Nc6+ Ka4 77. Bb3+ Ka3 78. Nd4 Kb2
79. Nc6 Ka3 80. Nd4 Kb2 81. Nxb5 Ra1 82. Kc5 Rxa2 83. Bxa2 Kxa2 1/2-1/2

[Event "TCh-FRA Top 12 2019"]
[Site "Brest FRA"]
[Date "2019.05.26"]
[Round "9.2"]
[Board "3"]
[White "Van Foreest, Jorden"]
[Black "Solodovnichenko, Yuri"]
[Result "1/2-1/2"]
[WhiteTitle "GM"]
[BlackTitle "GM"]
[WhiteElo "2601"]
[BlackElo "2572"]
[WhiteTeam "Clichy-Echecs-92"]
[BlackTeam "Vandoeuvre-Echecs"]
[WhiteFideId "1039784"]
[BlackFideId "14104369"]
[EventDate "2019.05.18"]

1. e4 e5 2. Bc4 Nf6 3. d3 c6 4. Nf3 d5 5. Bb3 Bb4+ 6. Bd2 Bxd2+ 7. Nbxd2 Qc7 8.
O-O O-O 9. Re1 Bg4 10. h3 Bxf3 11. Qxf3 Nbd7 12. exd5 cxd5 13. Bxd5 Qxc2 14. Nc4
Nxd5 15. Rac1 Qa4 16. Qxd5 Rad8 17. Rc3 b6 18. Ra3 Qb4 19. Re3 Nc5 20. Qxe5 Nxd3
21. Raxd3 Rxd3 22. Rxd3 Qxc4 1/2-1/2